00513nam a2200193Ia 4500001000700000003000500007008004100012010001100053040000900064100002800073245005900101260009400160300000900254440000500263500000500268503000500273650001700278650002400295Z_1037CHAP220113s1975 xx 000 0 und d a164117 cCHAP aCuevas Ríos, Atanasio aApuntes de agrostología /cpor Atanasio Cuevas Rios aMonterrey, N. L. :bInstituto Tecnológico y de Estudios Superiores de Monterrey,c1975 a60 h a a a aPastos I. t. aPlantas forrajeras